| 000 | 00637nam a2200157Ia 4500 | ||
|---|---|---|---|
| 008 | 220216s9999 xx 000 0 und d | ||
| 100 | _aPaliwal Kailash | ||
| 245 | 0 | _aSeasonal variation in CO2 exchange and energy fluxes in Cenchrus ciliaris L. grassland ecosystem in semi-arid region | |
| 260 |
_bInternational Workshop on Climate Change and Rubber Cultivation: R & D Priorities, 28-30 July 2010, Rubber Research Institute of India, Kottayam, Kerala, pp. 74-75 _c2010 |
||
| 650 | _aCO2 exchange | ||
| 650 | _aEnergy flux | ||
| 650 | _aGrassland ecosystem | ||
| 650 | _aSeasonal variation | ||
| 700 | _aLalrammawia C. | ||
| 942 | _cJS | ||
| 999 |
_c68496 _d68496 |
||